La percepción de lo político en Costa Rica /
Guardat en:
| Autor principal: | |
|---|---|
| Altres autors: | , |
| Format: | Desconegut |
| Publicat: |
Heredia:
Editorial Fundación UNA
|
| Matèries: | |
| Etiquetes: |
Afegir etiqueta
Sense etiquetes, Sigues el primer a etiquetar aquest registre!
|
MARC
| LEADER | 00000 a2200000 04500 | ||
|---|---|---|---|
| 001 | 10868 | ||
| 003 | |||
| 008 | 991231s d | ||
| 040 | |||
| 090 | |a 137514 | ||
| 100 | |a Jiménez M, Alexander | ||
| 245 | |a La percepción de lo político en Costa Rica / |c Alexander Jiménez M. | ||
| 260 | |a Heredia: |b Editorial Fundación UNA | ||
| 300 | |a 282 p. | ||
| 650 | |a CRISIS POLITICA | ||
| 650 | |a SOCIEDAD CIVIL | ||
| 650 | |a PARTIDOS POLITICOS | ||
| 650 | |a POLITICA | ||
| 700 | |a | ||
| 700 | |a Oyamburu, Jesús | ||
| 700 | |a | ||
| 700 | |a González, Miguel Angel | ||
| 700 | |a | ||
| 999 | |c 2062 |d 2062 | ||
